Слід на землі (Запис № 17604)

000 -Маркер запису
Контрольне поле сталої довжини 01769nam a22002537a 4500
003 - Належність контрольного номера
Контрольне поле Uzh_bibl
008 - Кодовані дані
Контрольне поле сталої довжини 260501b |||||||| |||| 00| 0 ukr d
020 ## - Індекс ISBN
Ціна 0.79
040 ## - Джерело каталогіз.
Служба первин.кат. укр.
041 ## - Код мови видання
Код мови оригіналу українська
Код мови тексту українська
080 ## - Індекс УДК
Індекс УДК 821(477)
090 ## - Шифри
Поличний індекс 821(477)
Авторський знак М 74
100 ## - Автор
Автор Мокрієв, Юрій
245 ## - Назва
Назва Слід на землі
Фізичний носій Текст
260 ## - Вихідні дані
Видавництво Дніпро
Місце видання Київ
Дата видання 1976
300 ## - Фізичний опис
Обсяг 399 с.
Ілл./тип відтвор. портр.
Тип одиниці В опр.
520 ## - Анотація
Анотація У творах, що ввійшли до цієї книжки, йдеться про високе творче покликання людини в житті (роман «Слід на землі»); розповідається про пошуки нафти в Прикарпатті молодими геологами. При цьому автор порушує морально-етичні проблеми (кіноповість «Долина Синіх Скель»); ставиться питання трудового виховання підростаючого покоління (повість «Острів Забутий»).<br/>Включено також кращі оповідання письменника.
521 ## - Примітка про цільове призначення
Примітка про цільове призначення Для широкого кола читачів
546 ## - Примітка про мову
Примітка про мову укр.
650 ## - Тематичні рубрики
Основна рубрика Літературно-художнє видання
Хронологічна підрубрика ХХ століття (переважно радянський період, частково воєнні та повоєнні роки)
Географічна підрубрика Україна
653 ## - Ключові слова
Ключові слова Людина
-- Праця
-- Відповідальність
-- Війна
-- Пам’ять
655 ## - Термін індексування — жанр/форма
Жанр/форма Роман, повісті, оповідання (проза)
Типове ділення Роман, повісті, оповідання
942 ## - ADDED ENTRY ELEMENTS (KOHA)
Джерело класифікації чи схема поличного розташування
Koha item type Книги
Фонди
Статус вилучення Статус втрати/відсутності Джерело класифікації чи схема поличного розташування Статус пошкодження Тип обігу (не для випозичання) Постійне розташування Поточне розташування Розташування у відділі Дата надходження Інвентарний номер Total Checkouts Повний (примірниковий) шифр зберігання Штрих-код Date last seen Дата, для якої чинна ціна заміни Тип одиниці (рівень примірника)
          Публічна бібліотека Публічна бібліотека Абонемент 01/05/2026 34500   821(477) 20339 01/05/2026 01/05/2026 Книги

Працює на АБІС Коха